00359nam a22001457a 4500003000400000020001800004082001700022100001800039245004900057250001300106260004800119300000800167650001700175700002100192SGT a9788123927862 a616.01bT15A aArora, D. K.  aTextbook of Microbiology for Dental Students a4th Ed.  aNew Delhi, IndiabCBS Pub. Pvt. Ltd. c2015 a396 aMicrobiology aArora, Brij Bala